| 000 | 01107nam a2200217 a 4500 | ||
|---|---|---|---|
| 001 | 43682 | ||
| 005 | 20180714022301.0 | ||
| 008 | 140415s1975 mx 000 0 spa d | ||
| 041 | _aspa | ||
| 082 |
_a183 _bTAY |
||
| 100 | 1 | _aTAYLOR, A. E. | |
| 245 | 1 | 3 | _aEL PENSAMIENTO DE SOCRATES |
| 250 | _a1a ed. | ||
| 260 |
_aMEXICO : _bFONDO DE CULTURA ECONOMICA, _c1975 |
||
| 300 |
_a151 _cx 10.5 x 17.3 |
||
| 490 | _aBREVIARIOS DEL FONDO DE CULTURA ECONOMICA | ||
| 520 | _aLA VIDA DE UN GRAN HOMBRE, PARTICULARMENTE LA DE AQUELLOS QUE PERTENECEN A UNA ÉPOCA REMOTA,JAMÁS PUEDE SER UN MERO REGISTRO DE HECHOS INDISCUTIBLES. POR ELLO, LA TAREA DEL BIÓGRAFO ES IR MÁS ALLÁ DE LOS SIMPLES ACONTECIMIENTOS,HASTA LLEGAR AL PROPÓSITO Y CARÁCTER QUE ENCUBREN, SU TAREA ES INTERPRETAR LOS HECHOS MEDIANTE UN ESFUERZO DE LA IMAGINACIÓN. TAL ES, JUSTAMENTE, LO QUE A. E. TAYLOR HIZO EN ESTE LIBRO QUE SU MODESTIA LLAMÓ ESBOZO SIN PRETENSIONES. BASADO EN UN PROFUNDO CONO | ||
| 650 | 1 | 4 |
_aFILOSOFIA CLASICA _xFILOSOFOS GRIEGOS |
| 700 | 1 |
_aHERNÁNDEZ BARROSO, MATEO _etr. |
|
| 740 | _asocrates | ||
| 999 |
_c43682 _d43682 |
||